000 00698 a2200229 4500
003 NUST
005 20250712161324.0
008 250712b ||||| |||| 00| 0 eng d
038 _aM. Shaban
082 _a891.439
_bMAS
100 _aMasood,Mukhtar
_935618
245 _aAwaz-e-Dost/
_cMukhtar Masood,
260 _aLahore:
_bMaktaba-e tameer-e insaniyat;
_c2020.
300 _a230p
500 _aHard cover
563 _aHB
650 _2Autobiography and memoir.
880 _6100-01\(3\r
_aآوازِ دوست /
880 _6100-02\(3\r
_aمختار مسعود۔
880 _6100-03\(3\r
_a:لاہور
_bمکتبہ تعمیرِ انسانیت،
_c2020.
942 _cBK
_k891.439 MAS
_2ddc
999 _c347763
_d347763